| 000 | 00417nam a2200181Ia 4500 | ||
|---|---|---|---|
| 005 | 20250425161631.0 | ||
| 008 | 250425s9999 xx 000 0 und d | ||
| 041 | _aspa | ||
| 082 | _a621.31 | ||
| 245 | 0 | _aTECNICA DE LA ILUMINACION ELECTRICA | |
| 250 | _a1A ED. | ||
| 260 |
_aEstados Unidos _bLABO _c1970 |
||
| 260 | _aNEW YORK | ||
| 300 | _a331 | ||
| 650 | _aALMACENAMIENTO | ||
| 942 | _c01 | ||
| 010 | _a24668 | ||
| 999 |
_c212974 _d212974 |
||